[Event "España ch sub-18 2009"]
[Site "Granada ESP"]
[Date "2009.07.22"]
[Round "5.11"]
[White "Millan Soto, Miguel"]
[Black "Zamarbide Inarrea, Daniel"]
[Result "1-0"]
[WhiteElo "2014"]
[BlackElo "2176"]
[PlyCount "93"]
[EventDate "2009.07.20"]
[EventType "swiss"]
[EventRounds "9"]
[EventCountry "ESP"]
[Source "lmi"]
[SourceDate "2009.07.20"]

1. e4 c5 2. Nf3 d6 3. d4 cxd4 4. Nxd4 Nf6 5. Nc3 Nc6 6. Bg5 Bd7 7. Qd2 Rc8 8.
f4 Nxd4 9. Qxd4 Qa5 10. e5 dxe5 11. fxe5 e6 12. O-O-O Bc6 13. Nb5 Bxb5 14. exf6
g6 15. h4 Bc5 16. Qc3 Qa4 17. Rd4 Qxd4 18. Bxb5+ Rc6 19. Bxc6+ bxc6 20. Qxd4
Bxd4 21. Rd1 Be5 22. Re1 Bc7 23. Rd1 O-O 24. Rd7 Bb6 25. Kd2 Rd8 26. Rd3 Kf8
27. Bf4 Rd5 28. c4 Rf5 29. c5 Ba5+ 30. b4 Bxb4+ 31. Ke2 Rxf6 32. Bd6+ Ke8 33.
Rb3 Ba5 34. Ra3 Bb4 35. Rb3 Ba5 36. Ra3 Bd8 37. Rxa7 e5 38. Ra8 Rf4 39. g3 Rd4
40. Ke3 Rd5 41. a4 Kd7 42. Ra7+ Ke6 43. Ra6 Rd4 44. Ra8 Bf6 45. Re8+ Kd7 46.
Rf8 Rxa4 47. Rxf7+ 1-0

[Event "España ch sub-18 2009"]
[Site "Granada ESP"]
[Date "2009.07.22"]
[Round "5.12"]
[White "Gonzalez Laso, Adrian"]
[Black "Gil Quilez, David"]
[Result "1-0"]
[WhiteElo "2059"]
[BlackElo "2163"]
[PlyCount "77"]
[EventDate "2009.07.20"]
[EventType "swiss"]
[EventRounds "9"]
[EventCountry "ESP"]
[Source "lmi"]
[SourceDate "2009.07.20"]

1. e4 c5 2. Nc3 Nc6 3. g3 g6 4. Bg2 Bg7 5. d3 d6 6. f4 e6 7. Nf3 Nge7 8. O-O
O-O 9. Be3 b6 10. d4 Ba6 11. Rf2 Qc7 12. a4 Rad8 13. Nb5 Bxb5 14. axb5 Nxd4 15.
Nxd4 cxd4 16. Bxd4 e5 17. Bc3 exf4 18. gxf4 Bxc3 19. bxc3 d5 20. e5 Qxc3 21.
Rxa7 Ra8 22. Ra6 Qc5 23. Qd3 Rfd8 24. Bh3 Rxa6 25. bxa6 Nc6 26. e6 f6 27. Qg3
Nd4 28. Kh1 Ra8 29. c3 Nc6 30. Bf1 Ne7 31. f5 g5 32. h4 h6 33. hxg5 hxg5 34.
Rh2 Nxf5 35. Qf3 Nh4 36. Qxf6 Qe3 37. Re2 Qg3 38. Qf7+ Kh8 39. e7 1-0

[Event "España ch sub-18 2009"]
[Site "Granada ESP"]
[Date "2009.07.22"]
[Round "5.13"]
[White "Diaz Herrero, Alvaro"]
[Black "Rasskin Friederichs, Ivan"]
[Result "1/2-1/2"]
[WhiteElo "2187"]
[BlackElo "1873"]
[PlyCount "105"]
[EventDate "2009.07.20"]
[EventType "swiss"]
[EventRounds "9"]
[EventCountry "ESP"]
[Source "lmi"]
[SourceDate "2009.07.20"]

1. e4 e6 2. Nc3 d5 3. d4 Nf6 4. Bg5 dxe4 5. Nxe4 Be7 6. Bxf6 gxf6 7. Nf3 a6 8.
c3 f5 9. Ned2 O-O 10. Be2 Nd7 11. O-O b5 12. a4 b4 13. Nc4 a5 14. cxb4 Bxb4 15.
d5 Nc5 16. dxe6 Nxe6 17. Qxd8 Rxd8 18. Rfd1 Bb7 19. Rxd8+ Rxd8 20. Rd1 Rxd1+
21. Bxd1 Kg7 22. Nfe5 Nc5 23. Bc2 f6 24. Nd3 Nxd3 25. Bxd3 Be4 26. Bxe4 fxe4
27. Kf1 Kf7 28. Ke2 Ke6 29. Ne3 f5 30. Nc2 Bc5 31. f3 Kd5 32. b3 Ke5 33. g3 f4
34. g4 e3 35. Kd3 Kd5 36. Ne1 Be7 37. Ng2 Ke5 38. Kc4 Bb4 39. Kd3 Be7 40. Ne1
Bb4 41. Nc2 Bc5 42. Kc4 Kd6 43. h4 Bb6 44. h5 Ke6 45. Kd3 Bc5 46. Ke4 Kf6 47.
Kd3 Kg5 48. Ke4 c6 49. Kd3 Kf6 50. Ne1 Bb4 51. Nc2 c5 52. Ke2 Kg5 53. Kf1
1/2-1/2

[Event "España ch sub-18 2009"]
[Site "Granada ESP"]
[Date "2009.07.22"]
[Round "5.14"]
[White "Arauz Alonso, Fernando"]
[Black "Gutierrez Valero, Mario"]
[Result "1-0"]
[WhiteElo "2155"]
[BlackElo "2024"]
[PlyCount "192"]
[EventDate "2009.07.20"]
[EventType "swiss"]
[EventRounds "9"]
[EventCountry "ESP"]
[Source "lmi"]
[SourceDate "2009.07.20"]

1. d4 Nf6 2. Nf3 g6 3. Bg5 Bg7 4. Nbd2 d6 5. c3 O-O 6. e4 h6 7. Bh4 c5 8. dxc5
dxc5 9. Be2 Nh5 10. Nc4 Qc7 11. O-O Nc6 12. a4 b6 13. Ne3 e6 14. Qc2 Bb7 15.
Rfd1 Nf4 16. Bg3 g5 17. Nc4 Rfd8 18. h3 Ne7 19. Bf1 Neg6 20. Rd2 Rxd2 21. Nfxd2
Rd8 22. a5 b5 23. a6 Bc6 24. Na5 c4 25. Ra2 Qb6 26. b3 cxb3 27. Naxb3 Be5 28.
Bxf4 Nxf4 29. c4 h5 30. cxb5 Bxb5 31. Bxb5 Qxb5 32. Ra5 Ne2+ 33. Kh1 Rxd2 34.
Rxb5 Rxc2 35. Rxe5 Nf4 36. Rxg5+ Kf8 37. Rc5 Rxf2 38. Rc7 h4 39. Rxa7 Ne2 40.
Rc7 Ng3+ 41. Kh2 Ra2 42. a7 Kg7 43. Kg1 Nxe4 44. Kf1 Nd6 45. Nd4 e5 46. Rd7
exd4 47. Rxd6 Rxa7 48. Rxd4 Ra1+ 49. Kf2 Ra2+ 50. Kf1 Ra1+ 51. Kf2 Ra2+ 52. Kg1
Rb2 53. Rxh4 Ra2 54. Rf4 Kg6 55. Rf2 Ra1+ 56. Rf1 Ra2 57. Rf2 Ra1+ 58. Kh2 Ra3
59. Rf3 Ra4 60. Rb3 Kg5 61. Kg3 Kg6 62. Kf3 f6 63. g3 Ra1 64. Rb4 Ra3+ 65. Kg4
Ra5 66. h4 Rc5 67. Ra4 Rb5 68. Kf3 Rb3+ 69. Kf4 Rb1 70. Rc4 Ra1 71. Rb4 Rc1 72.
Kf3 Rc3+ 73. Kf4 Rc1 74. Kg4 Rc5 75. Rf4 Ra5 76. Rd4 Rb5 77. Rd8 Rb4+ 78. Kh3
f5 79. Rd6+ Kg7 80. Kg2 f4 81. g4 Rb3 82. g5 Rg3+ 83. Kf2 Rh3 84. Rh6 Rg3 85.
Ke2 Re3+ 86. Kf1 Rf3+ 87. Kg2 Rg3+ 88. Kf2 Kg8 89. Rf6 Rg4 90. Rg6+ Kf7 91. Rh6
Rg3 92. Rf6+ Kg7 93. Rxf4 Ra3 94. Rf3 Ra4 95. Kg3 Rb4 96. Rf4 Rb3+ 1-0

[Event "España ch sub-18 2009"]
[Site "Granada ESP"]
[Date "2009.07.22"]
[Round "5.15"]
[White "Sanz Rodero, Mikel"]
[Black "Bendayan Claros, Aaron"]
[Result "0-1"]
[WhiteElo "2015"]
[BlackElo "2151"]
[PlyCount "80"]
[EventDate "2009.07.20"]
[EventType "swiss"]
[EventRounds "9"]
[EventCountry "ESP"]
[Source "lmi"]
[SourceDate "2009.07.20"]

1. e4 d5 2. exd5 Qxd5 3. Nc3 Qa5 4. Bc4 Nf6 5. d3 c6 6. Bd2 Qc7 7. h3 a5 8. a4
Nbd7 9. Qe2 Nb6 10. Bb3 Nbd5 11. Nf3 e6 12. O-O Bd6 13. Ne4 Bf4 14. Nxf6+ gxf6
15. Bxd5 cxd5 16. Nd4 Bd7 17. Bxf4 Qxf4 18. Nb5 Rg8 19. d4 Ke7 20. Ra3 Rg5 21.
Rf3 Qh4 22. Qd3 f5 23. Qa3+ Kf6 24. Qd6 Bxb5 25. Qe5+ Kg6 26. axb5 Rg8 27. Rg3
Rxg3 28. Qxg3+ Qxg3 29. fxg3 Rc8 30. c3 a4 31. Ra1 Ra8 32. Ra3 Ra5 33. b3 Rxb5
34. bxa4 Rb2 35. a5 Kg5 36. Ra4 Rc2 37. Rb4 Rxc3 38. Rxb7 Rxg3 39. Rxf7 Ra3 40.
Re7 Rxa5 0-1

[Event "España ch sub-18 2009"]
[Site "Granada ESP"]
[Date "2009.07.22"]
[Round "5.16"]
[White "Remoli Sargues, Lidia"]
[Black "Hernandez Munoz, Antonio"]
[Result "1/2-1/2"]
[WhiteElo "2002"]
[BlackElo "2146"]
[PlyCount "76"]
[EventDate "2009.07.20"]
[EventType "swiss"]
[EventRounds "9"]
[EventCountry "ESP"]
[Source "lmi"]
[SourceDate "2009.07.20"]

1. d4 d5 2. c4 c6 3. Nc3 Nf6 4. Nf3 e6 5. e3 Nbd7 6. Qc2 Bd6 7. Be2 O-O 8. O-O
dxc4 9. Bxc4 b5 10. Bd3 Bb7 11. a3 a6 12. Ne4 Nxe4 13. Bxe4 h6 14. b4 a5 15.
Bd2 axb4 16. axb4 Qe7 17. Qb3 e5 18. dxe5 Nxe5 19. Bc3 Nc4 20. Bd3 c5 21. bxc5
Bxf3 22. gxf3 Qg5+ 23. Kh1 Qxc5 24. Rg1 Rxa1 25. Bxa1 f6 26. Bd4 Qh5 27. Bxc4+
bxc4 28. Qxc4+ Kh8 29. f4 Qf3+ 30. Rg2 h5 31. h4 Qh3+ 32. Rh2 Qg4 33. Rg2 Qxh4+
34. Rh2 Qg4 35. Qd5 Qd1+ 36. Kg2 Qg4+ 37. Kh1 Qd1+ 38. Kg2 Qg4+ 1/2-1/2

[Event "España ch sub-18 2009"]
[Site "Granada ESP"]
[Date "2009.07.23"]
[Round "6.1"]
[White "Salgado Lopez, Ivan"]
[Black "Alonso Rosell, Alvar"]
[Result "0-1"]
[WhiteElo "2558"]
[BlackElo "2461"]
[PlyCount "82"]
[EventDate "2009.07.20"]
[EventType "swiss"]
[EventRounds "9"]
[EventCountry "ESP"]
[Source "lmi"]
[SourceDate "2009.07.20"]

1. e4 c5 2. Nf3 d6 3. d4 cxd4 4. Nxd4 Nf6 5. Nc3 a6 6. Bg5 e6 7. f3 Be7 8. Qd2
b5 9. O-O-O O-O 10. h4 Qc7 11. Kb1 Nbd7 12. g4 b4 13. Nce2 Rb8 14. Bxf6 Nxf6
15. g5 Nd7 16. h5 Nc5 17. Bh3 a5 18. Rdg1 a4 19. Nf4 b3 20. cxb3 axb3 21. a3
Ra8 22. h6 g6 23. Qc3 e5 24. Nxb3 Bb7 25. Nxc5 Qxc5 26. Qxc5 dxc5 27. Nd3 c4
28. Nxe5 c3 29. Nd7 Rfd8 30. bxc3 Rxa3 31. Kb2 Ra5 32. Nf6+ Bxf6 33. gxf6 Rd2+
34. Kb3 Ba6 35. Ra1 Rb5+ 36. Ka4 Rdb2 37. Rhd1 Rb8 38. Rd5 Bd3 39. Ka3 R2b3+
40. Ka4 Bc2 41. Ra2 Rb2+ 0-1

[Event "España ch sub-18 2009"]
[Site "Granada ESP"]
[Date "2009.07.23"]
[Round "6.2"]
[White "Recuero Guerra, David"]
[Black "Garcia Moreno, Carlos"]
[Result "1/2-1/2"]
[WhiteElo "2460"]
[BlackElo "2245"]
[PlyCount "96"]
[EventDate "2009.07.20"]
[EventType "swiss"]
[EventRounds "9"]
[EventCountry "ESP"]
[Source "lmi"]
[SourceDate "2009.07.20"]

1. e4 e5 2. Nf3 Nc6 3. Bb5 a6 4. Bxc6 dxc6 5. O-O f6 6. d4 exd4 7. Nxd4 c5 8.
Ne2 Qxd1 9. Rxd1 Bd7 10. Be3 O-O-O 11. Nbc3 Bd6 12. Bf4 Be6 13. Nd5 Bxd5 14.
Rxd5 Ne7 15. Rdd1 Rhe8 16. f3 f5 17. Bg5 fxe4 18. fxe4 h6 19. Bh4 Be5 20. Rxd8+
Kxd8 21. c3 Kd7 22. Rd1+ Kc6 23. Bxe7 Rxe7 24. Kf2 Rd7 25. Rxd7 Kxd7 26. h4 c4
27. Ke3 c5 28. Ng1 Bg3 29. h5 Ke6 30. Ne2 Be5 31. Kf3 b5 32. Nf4+ Kf6 33. Kg4
a5 34. Nd5+ Ke6 35. Kf3 Bd6 36. a4 bxa4 37. Nb6 a3 38. bxa3 Be5 39. Nd5 Kf7 40.
Ke3 g6 41. hxg6+ Kxg6 42. Kd2 Kg5 43. Nb6 Bf4+ 44. Ke2 Be5 45. Kd2 Bf4+ 46. Kd1
Bc7 47. Nxc4 Kf4 48. Ke2 Kxe4 1/2-1/2

[Event "España ch sub-18 2009"]
[Site "Granada ESP"]
[Date "2009.07.23"]
[Round "6.3"]
[White "Espinosa Aranda, Angel"]
[Black "Arribas Lopez, Angel"]
[Result "1/2-1/2"]
[WhiteElo "2350"]
[BlackElo "2429"]
[PlyCount "85"]
[EventDate "2009.07.20"]
[EventType "swiss"]
[EventRounds "9"]
[EventCountry "ESP"]
[Source "lmi"]
[SourceDate "2009.07.20"]

1. e4 d6 2. d4 Nf6 3. Nc3 e5 4. Nf3 Nbd7 5. Bc4 Be7 6. O-O O-O 7. Re1 c6 8. a4
a5 9. b3 Nb6 10. Bf1 exd4 11. Nxd4 d5 12. exd5 Nbxd5 13. Nxd5 Nxd5 14. Ba3 Bxa3
15. Rxa3 Nb4 16. c3 Nd5 17. Qf3 Qg5 18. Bc4 Nf4 19. Qg3 Qf6 20. Raa1 h5 21. Re4
Ng6 22. Rae1 c5 23. Ne6 fxe6 24. Rxe6 Bxe6 25. Rxe6 Qf4 26. Rf6+ Kh8 27. Rxf4
Nxf4 28. Qg5 Rad8 29. h4 b6 30. Kh2 Rd2 31. Qe7 Ng6 32. Qg5 Nf4 33. Qe7 Ng6 34.
Qg5 Nf4 35. Qe7 Rf6 36. Qe8+ Kh7 37. Qg8+ Kh6 38. Qh8+ Kg6 39. Qe8+ Kh7 40.
Qg8+ Kh6 41. Qh8+ Kg6 42. Qe8+ Kh7 43. Qg8+ 1/2-1/2

[Event "España ch sub-18 2009"]
[Site "Granada ESP"]
[Date "2009.07.23"]
[Round "6.4"]
[White "Cabrera Trujillo, Jorge"]
[Black "Gonzalez Laso, Adrian"]
[Result "1-0"]
[WhiteElo "2410"]
[BlackElo "2059"]
[PlyCount "147"]
[EventDate "2009.07.20"]
[EventType "swiss"]
[EventRounds "9"]
[EventCountry "ESP"]
[Source "lmi"]
[SourceDate "2009.07.20"]

1. e4 c5 2. Nf3 e6 3. d4 cxd4 4. Nxd4 a6 5. c4 Qc7 6. Nc3 Nf6 7. a3 d6 8. Be3
Be7 9. Be2 Nbd7 10. O-O O-O 11. Rc1 b6 12. b4 Bb7 13. f3 Rac8 14. Qd2 Qb8 15.
Rc2 Rfd8 16. Rb1 Qa8 17. Na4 Bc6 18. Nb2 Bb7 19. Qc1 d5 20. exd5 exd5 21. Nf5
Bf8 22. c5 b5 23. Bd4 Rc6 24. a4 Re6 25. axb5 axb5 26. Bxb5 Bc6 27. Bxc6 Qxc6
28. Nd3 Qb5 29. Nf4 Re5 30. Bxe5 Nxe5 31. Nd4 Qa4 32. Nfe2 Nc4 33. Nc3 Qd7 34.
Kh1 Ne8 35. Re2 Rb8 36. Qd1 Nc7 37. Qa4 Qc8 38. Qc6 Na6 39. Qxc8 Rxc8 40. Ra2
Nxb4 41. Rxb4 Bxc5 42. Nxd5 Bxb4 43. Nxb4 g6 44. h3 Nb6 45. Kh2 Rd8 46. Nbc6
Rd6 47. Ra6 Nc4 48. Ne7+ Kf8 49. Rxd6 Nxd6 50. Nd5 Kg7 51. Kg3 h6 52. Kf4 Nc4
53. Ne3 Nd2 54. Kg3 Nb1 55. Nb5 Nd2 56. Kf4 Nb3 57. Ke5 Nc5 58. Kd4 Ne6+ 59.
Ke5 Nc5 60. Kd6 Ne6 61. Ke7 Nf4 62. Nd6 f5 63. Ne8+ Kh7 64. Kf7 h5 65. Nf6+ Kh6
66. Nfd5 Nd3 67. Kf6 Nc5 68. h4 Nd7+ 69. Ke6 Nc5+ 70. Kf7 Nd3 71. Ne7 f4 72.
N3d5 Ne5+ 73. Ke6 Nd3 74. Kf6 1-0

[Event "España ch sub-18 2009"]
[Site "Granada ESP"]
[Date "2009.07.23"]
[Round "6.5"]
[White "Pardo Simon, David"]
[Black "Fernandez Garcia, Jose Miguel"]
[Result "1-0"]
[WhiteElo "2321"]
[BlackElo "2261"]
[PlyCount "61"]
[EventDate "2009.07.20"]
[EventType "swiss"]
[EventRounds "9"]
[EventCountry "ESP"]
[Source "lmi"]
[SourceDate "2009.07.20"]

1. e4 c5 2. Nf3 e6 3. Nc3 a6 4. d4 cxd4 5. Nxd4 Qc7 6. Bd3 Bc5 7. Nb3 Be7 8.
O-O Nf6 9. f4 d6 10. Be3 Nbd7 11. Qe2 b5 12. a3 Bb7 13. Rae1 Rc8 14. h3 O-O 15.
g4 d5 16. e5 Ne4 17. Bxe4 dxe4 18. Bd4 Rfd8 19. Qe3 Nc5 20. Bxc5 Bxc5 21. Nxc5
Qxc5 22. Qxc5 Rxc5 23. Rd1 Rxd1 24. Rxd1 g5 25. Rd7 Bc6 26. Rc7 gxf4 27. Nxe4
Rxc2 28. Rc8+ Kg7 29. Nf6 Rc1+ 30. Kf2 Rc2+ 31. Ke1 1-0

[Event "España ch sub-18 2009"]
[Site "Granada ESP"]
[Date "2009.07.23"]
[Round "6.6"]
[White "Galan Martin, Alejandro"]
[Black "Millan Soto, Miguel"]
[Result "1/2-1/2"]
[WhiteElo "1961"]
[BlackElo "2014"]
[PlyCount "160"]
[EventDate "2009.07.20"]
[EventType "swiss"]
[EventRounds "9"]
[EventCountry "ESP"]
[Source "lmi"]
[SourceDate "2009.07.20"]

1. e4 c5 2. Nc3 a6 3. Nf3 e6 4. d4 cxd4 5. Nxd4 Qc7 6. Be2 Nf6 7. O-O Be7 8.
Be3 d6 9. f4 Nbd7 10. Bf3 O-O 11. Qe1 Nb6 12. Kh1 Nc4 13. Bc1 Rb8 14. a4 Qc5
15. Nb3 Qc7 16. Qf2 e5 17. Qg3 Kh8 18. Be2 b5 19. axb5 axb5 20. Qd3 Bd7 21. f5
Rfc8 22. g4 b4 23. Nd5 Nxd5 24. Qxd5 f6 25. Qf7 Bb5 26. Rf3 Qb7 27. Bd3 Be8 28.
Qe6 Nb6 29. Be3 Qd7 30. Bxb6 Rxb6 31. Qxd7 Bxd7 32. Ra7 Rd8 33. Rf1 Bf8 34.
Rfa1 Rbb8 35. Rc7 Rbc8 36. Raa7 Bc6 37. Na5 Ba8 38. Rxc8 Rxc8 39. Nc4 Rb8 40.
Nb6 Bc6 41. Rc7 Rxb6 42. Rc8 g6 43. Rxf8+ Kg7 44. Rd8 b3 45. c3 gxf5 46. gxf5
Kh6 47. Kg2 Bb7 48. Kg3 Ba6 49. Bxa6 Rxa6 50. Rb8 Ra4 51. Rb4 Ra1 52. Rxb3 Kg5
53. h4+ Kh5 54. Rb7 h6 55. b4 Rg1+ 56. Kf3 Kxh4 57. c4 Rg3+ 58. Kf2 Rc3 59. Rc7
Kg4 60. b5 Kf4 61. Ke2 Kxe4 62. Rc6 Kxf5 63. Kd2 Rb3 64. Rxd6 h5 65. b6 e4 66.
Rd5+ Ke6 67. Rxh5 Rxb6 68. Ke3 Rc6 69. Kxe4 Rxc4+ 70. Ke3 f5 71. Rh6+ Ke5 72.
Ra6 Rc3+ 73. Kf2 Kf4 74. Ra4+ Kg5 75. Kg2 f4 76. Ra8 Rg3+ 77. Kf2 Rb3 78. Rg8+
Kf5 79. Rf8+ Kg4 80. Rg8+ Kf5 1/2-1/2

[Event "España ch sub-18 2009"]
[Site "Granada ESP"]
[Date "2009.07.23"]
[Round "6.8"]
[White "Torres Ventosa, Pedro Eugenio"]
[Black "Herrera Delgado, Alejandro"]
[Result "0-1"]
[WhiteElo "2135"]
[BlackElo "2297"]
[PlyCount "124"]
[EventDate "2009.07.20"]
[EventType "swiss"]
[EventRounds "9"]
[EventCountry "ESP"]
[Source "lmi"]
[SourceDate "2009.07.20"]

1. e4 c5 2. Nf3 Nc6 3. d4 cxd4 4. Nxd4 Nf6 5. Nc3 d6 6. f3 e5 7. Nb3 Be7 8. Be3
Be6 9. Nd5 Bxd5 10. exd5 Nb4 11. c4 a5 12. a3 Na6 13. Bd3 O-O 14. O-O Nd7 15.
Bf5 a4 16. Nd2 Nac5 17. Bc2 f5 18. Qb1 g6 19. g4 Bg5 20. Qe1 fxg4 21. fxg4
Rxf1+ 22. Nxf1 Qf6 23. Qf2 Bf4 24. Rd1 Rf8 25. Bxf4 Qxf4 26. Qxf4 Rxf4 27. Ne3
Nb6 28. Rf1 Rd4 29. Rd1 Kg7 30. h4 Kg8 31. h5 Kg7 32. hxg6 hxg6 33. Bb1 Rxd1+
34. Nxd1 Nxc4 35. Ba2 Nb6 36. Nc3 Kf6 37. Kg2 e4 38. Kf2 Ke5 39. Ke3 Nbd7 40.
g5 Nb6 41. Ke2 Nd3 42. Ke3 Nxb2 43. Nxe4 Nxd5+ 44. Kf3 Nd1 45. Bb1 N1e3 46. Nd2
Nf5 47. Nc4+ Ke6 48. Bd3 b5 49. Nd2 b4 50. Nc4 b3 51. Kf2 Nc3 52. Ke1 d5 53.
Nb2 Ke5 54. Kd2 d4 55. Bc4 Ne4+ 56. Kd3 Nc5+ 57. Ke2 Nd6 58. Bg8 Kf4 59. Bd5
Ke5 60. Bc6 Nde4 61. Nc4+ Kf4 62. Nb2 Nc3+ 0-1

[Event "España ch sub-18 2009"]
[Site "Granada ESP"]
[Date "2009.07.23"]
[Round "6.9"]
[White "Donoso Sanchez, Alejandro"]
[Black "Moreno Martin, Daniel"]
[Result "1-0"]
[WhiteElo "2086"]
[BlackElo "2231"]
[PlyCount "127"]
[EventDate "2009.07.20"]
[EventType "swiss"]
[EventRounds "9"]
[EventCountry "ESP"]
[Source "lmi"]
[SourceDate "2009.07.20"]

1. e4 e6 2. d4 d5 3. Nd2 c5 4. exd5 Qxd5 5. Ngf3 cxd4 6. Bc4 Qd6 7. Qe2 Nf6 8.
Nb3 Nc6 9. Bg5 Be7 10. O-O-O O-O 11. Nfxd4 Qe5 12. f4 Qxe2 13. Bxe2 Nb4 14. a3
Nbd5 15. Bf3 Rd8 16. Rhe1 h6 17. Bxf6 Bxf6 18. g3 g5 19. Nf5 gxf4 20. gxf4 Nxf4
21. Rg1+ Kh7 22. Rxd8 Bxd8 23. Rg7+ Kh8 24. Rxf7 Ng6 25. Nd6 Bg5+ 26. Kd1 Ne5
27. Rf8+ Kg7 28. Rxc8 Rxc8 29. Nxc8 Nxf3 30. Nxa7 Nxh2 31. Nb5 Ng4 32. Ke2 Kf6
33. Nc5 h5 34. Nxb7 h4 35. N7d6 h3 36. Ne4+ Ke5 37. Nxg5 h2 38. Nf3+ Kd5 39.
Nxh2 Nxh2 40. Kd3 Ng4 41. c4+ Kc6 42. b4 Ne5+ 43. Kc3 Ng4 44. Kd4 Nf2 45. a4
e5+ 46. Kc3 Ne4+ 47. Kd3 Nf2+ 48. Kd2 Ne4+ 49. Ke3 Nf6 50. Nc3 Ng4+ 51. Kf3 Nf6
52. Nd5 Ne8 53. a5 Nd6 54. Nb6 Kb7 55. Ke3 Ka6 56. Kd3 Kb7 57. b5 Ka7 58. Kc3
Ne4+ 59. Kb4 Nf6 60. Nd5 Ne8 61. c5 e4 62. b6+ Kb7 63. Kb5 Nf6 64. c6+ 1-0

[Event "España ch sub-18 2009"]
[Site "Granada ESP"]
[Date "2009.07.23"]
[Round "6.10"]
[White "Gomez Dominguez, Xavier"]
[Black "Arauz Alonso, Fernando"]
[Result "1/2-1/2"]
[WhiteElo "2031"]
[BlackElo "2155"]
[PlyCount "127"]
[EventDate "2009.07.20"]
[EventType "swiss"]
[EventRounds "9"]
[EventCountry "ESP"]
[Source "lmi"]
[SourceDate "2009.07.20"]

1. e4 c6 2. Nf3 d5 3. exd5 cxd5 4. Ne5 Nd7 5. d4 Ngf6 6. Bd3 e6 7. Qe2 Bd6 8.
O-O O-O 9. Nd2 b6 10. Ndf3 Bb7 11. Bg5 Qc7 12. Nxd7 Nxd7 13. Rfe1 Rae8 14. Ne5
Nxe5 15. dxe5 Be7 16. Bf6 Bxf6 17. exf6 Qf4 18. fxg7 Kxg7 19. Qh5 Qh6 20. Qxh6+
Kxh6 21. Re3 f5 22. Rae1 Rf6 23. f4 Kg7 24. Kf2 Kf7 25. a4 Bc6 26. Bb5 Bxb5 27.
axb5 Re7 28. Rc3 Rg6 29. Rc8 Rg8 30. Rc6 Rd8 31. Re5 Rdd7 32. g3 Rc7 33. Rexe6
Rxc6 34. Rxc6 Re4 35. c3 Ra4 36. Rd6 Ra2 37. Rxd5 Rxb2+ 38. Ke3 Ke6 39. Re5+
Kf6 40. Kd4 Rd2+ 41. Kc4 h5 42. h4 Rd7 43. Re8 Rc7+ 44. Kb4 Rg7 45. Rf8+ Ke6
46. Rh8 Rxg3 47. Rxh5 Rg4 48. Rh7 Rxf4+ 49. c4 Ke5 50. Rxa7 Rxh4 51. Re7+ Kd4
52. Re6 Kd3 53. Rd6+ Rd4 54. Rxb6 Rxc4+ 55. Ka5 Rc2 56. Rd6+ Ke3 57. b6 Ra2+
58. Kb5 f4 59. Rf6 f3 60. Kc6 f2 61. Rxf2 Rxf2 62. b7 Rc2+ 63. Kd7 Rd2+ 64. Kc7
1/2-1/2

[Event "España ch sub-18 2009"]
[Site "Granada ESP"]
[Date "2009.07.23"]
[Round "6.11"]
[White "Bendayan Claros, Aaron"]
[Black "Garcia Salamero, Gabriel"]
[Result "1/2-1/2"]
[WhiteElo "2151"]
[BlackElo "2034"]
[PlyCount "143"]
[EventDate "2009.07.20"]
[EventType "swiss"]
[EventRounds "9"]
[EventCountry "ESP"]
[Source "lmi"]
[SourceDate "2009.07.20"]

1. d4 Nf6 2. Nf3 d5 3. c4 e6 4. Nc3 Be7 5. Bf4 O-O 6. e3 b6 7. cxd5 exd5 8. Bd3
Bb7 9. Ne5 c5 10. Qf3 Nc6 11. O-O Bd6 12. Qh3 Ne7 13. Ng4 Ng6 14. Nxf6+ Qxf6
15. Bxg6 Qxg6 16. Bxd6 Qxd6 17. Rfd1 c4 18. Rd2 Rfe8 19. Re1 Rad8 20. a3 a6 21.
f3 Qf6 22. Qg3 Re7 23. Qf2 Rde8 24. Rde2 Rd8 25. b3 cxb3 26. Rb1 Qc6 27. Rxb3
Qc4 28. Reb2 Rde8 29. Nd1 Qa4 30. Qd2 Bc6 31. Rb4 Qa5 32. Rxb6 Qxd2 33. Rxd2
Bb5 34. Rd6 Bc4 35. Kf2 a5 36. a4 Bb3 37. Nc3 Re6 38. Rd7 Rxe3 39. Nxd5 Bxa4
40. Ra7 Rb3 41. Rxa5 Bc6 42. Nf4 Rb4 43. Rc5 Bb7 44. Ne2 Rc8 45. Rxc8+ Bxc8 46.
Ke3 Kf8 47. d5 Ke7 48. Nc3 f5 49. Ra2 Bb7 50. Rd2 Kd6 51. g3 g5 52. h3 h5 53.
Rd4 Rb3 54. Rd3 Rb4 55. Rd4 Rb3 56. Kd3 Rb2 57. g4 hxg4 58. hxg4 Ba6+ 59. Ke3
Rc2 60. Ne4+ Ke5 61. Rd2 Rxd2 62. Nxd2 f4+ 63. Kf2 Bc8 64. Ne4 Kxd5 65. Nxg5
Ke5 66. Nh3 Be6 67. Ng1 Kf6 68. Ke2 Bc4+ 69. Kf2 Bb5 70. Ne2 Kg5 71. Nc3 Bc6
72. Ne2 1/2-1/2

[Event "España ch sub-18 2009"]
[Site "Granada ESP"]
[Date "2009.07.23"]
[Round "6.12"]
[White "Guadamuro Torrente, Anabel"]
[Black "Rasskin Friederichs, Ivan"]
[Result "1/2-1/2"]
[WhiteElo "2136"]
[BlackElo "1873"]
[PlyCount "84"]
[EventDate "2009.07.20"]
[EventType "swiss"]
[EventRounds "9"]
[EventCountry "ESP"]
[Source "lmi"]
[SourceDate "2009.07.20"]

1. e4 e6 2. Nf3 d5 3. Nc3 Nf6 4. e5 Nfd7 5. d4 c5 6. dxc5 Nc6 7. Bf4 Bxc5 8.
Bd3 f6 9. exf6 Nxf6 10. O-O O-O 11. Ne5 Bd7 12. Bg3 Nxe5 13. Bxe5 Qb6 14. Qe2
a6 15. Kh1 Be8 16. f4 Bh5 17. Qe1 Ng4 18. Na4 Qb4 19. Nxc5 Qxc5 20. Qh4 Nxe5
21. Bxh7+ Kxh7 22. Qxh5+ Kg8 23. Qxe5 Rae8 24. c3 Rf5 25. Qe2 e5 26. g4 Rf6 27.
fxe5 Rfe6 28. Qf3 Rxe5 29. Qf7+ Kh7 30. g5 Qc4 31. g6+ Kh6 32. Qf3 Qe4 33. Qxe4
dxe4 34. Rf7 e3 35. Re1 Kxg6 36. Rxb7 e2 37. Rb6+ Kh7 38. Kg2 Rg5+ 39. Kf2 Rf5+
40. Kg2 Rg5+ 41. Kf2 Rf5+ 42. Kg2 Rg5+ 1/2-1/2

[Event "España ch sub-18 2009"]
[Site "Granada ESP"]
[Date "2009.07.23"]
[Round "6.13"]
[White "Martin Fuentes, Alberto"]
[Black "Bujosa Ribas, Joan"]
[Result "1-0"]
[WhiteElo "2244"]
[BlackElo "2045"]
[PlyCount "35"]
[EventDate "2009.07.20"]
[EventType "swiss"]
[EventRounds "9"]
[EventCountry "ESP"]
[Source "lmi"]
[SourceDate "2009.07.20"]

1. e4 b6 2. d4 Bb7 3. Bd3 e6 4. c3 c5 5. Nf3 Nf6 6. Qe2 Be7 7. O-O Nc6 8. a3
Na5 9. Nbd2 c4 10. Bc2 Qc7 11. Re1 d6 12. e5 dxe5 13. Nxe5 Rc8 14. Ba4+ Kf8 15.
Ndf3 Nd5 16. Nxf7 Kxf7 17. Qxe6+ Kf8 18. Ne5 1-0

[Event "España ch sub-18 2009"]
[Site "Granada ESP"]
[Date "2009.07.23"]
[Round "6.14"]
[White "Coll Ortega, Jordi"]
[Black "Ladron De Guevara Pinto, Paolo"]
[Result "1-0"]
[WhiteElo "2213"]
[BlackElo "2020"]
[PlyCount "73"]
[EventDate "2009.07.20"]
[EventType "swiss"]
[EventRounds "9"]
[EventCountry "ESP"]
[Source "lmi"]
[SourceDate "2009.07.20"]

1. c4 c5 2. g3 Nc6 3. Bg2 g6 4. Nc3 Bg7 5. a3 e6 6. b4 cxb4 7. axb4 Nge7 8. b5
Ne5 9. c5 f5 10. d4 Nf7 11. Nf3 O-O 12. O-O h6 13. h4 d6 14. cxd6 Nxd6 15. Qb3
Ne4 16. Ba3 Nxc3 17. Qxc3 Nd5 18. Qb3 Rf7 19. Ne5 Bxe5 20. dxe5 f4 21. Rfd1 Qb6
22. Rxd5 fxg3 23. Bc5 gxf2+ 24. Kf1 Qc7 25. Bd6 Qd8 26. Rd4 h5 27. Qg3 Bd7 28.
Qxg6+ Rg7 29. Qxh5 Bxb5 30. Rg4 Qd7 31. Rxg7+ Qxg7 32. Kxf2 Qf7+ 33. Qxf7+ Kxf7
34. Bxb7 Rh8 35. Rxa7 Kg6 36. Be4+ Kh5 37. Bf3+ 1-0

[Event "España ch sub-18 2009"]
[Site "Granada ESP"]
[Date "2009.07.23"]
[Round "6.15"]
[White "Navarro Diaz, Carles"]
[Black "Diaz Herrero, Alvaro"]
[Result "0-1"]
[WhiteElo "2047"]
[BlackElo "2187"]
[PlyCount "86"]
[EventDate "2009.07.20"]
[EventType "swiss"]
[EventRounds "9"]
[EventCountry "ESP"]
[Source "lmi"]
[SourceDate "2009.07.20"]

1. d4 Nf6 2. c4 e6 3. Nc3 Bb4 4. e3 O-O 5. Bd3 c5 6. Nf3 d6 7. O-O Bxc3 8. bxc3
Nc6 9. e4 e5 10. d5 Ne7 11. Nh4 h6 12. g3 Ng6 13. Ng2 Nh7 14. Qc2 Bh3 15. f3
Qd7 16. Rf2 f5 17. Bd2 f4 18. Ne1 Qf7 19. Bf1 Ng5 20. Bg2 h5 21. Kh1 Bd7 22.
Nd3 Qf6 23. gxf4 Nxf4 24. Bxf4 exf4 25. Re1 Rae8 26. Qd2 h4 27. e5 dxe5 28.
Nxc5 Bf5 29. Ne4 Bxe4 30. fxe4 f3 31. Bf1 Qg6 32. d6 Kh8 33. Qd5 Rf4 34. d7 Rd8
35. Qxe5 Nxe4 36. Rxe4 Rxe4 37. Qc7 Qb6 38. Qc8 Qxf2 39. Qxd8+ Kh7 40. Qh8+
Kxh8 41. d8=Q+ Kh7 42. Qd3 g6 43. h3 Re1 0-1